000 00283nam a22001337a 4500
008 170905b xxu||||| |||| 00| 0 eng d
020 _a9781412974202
041 _aeng
080 _a070
100 _a40
101 _aMED
245 _aMEDIA SOCIETY
_cCROTEAU.D
942 _2udc
_cBK
999 _c26227
_d26227